UM Logo

Sawikaan 2004: (Record no. 4870)

MARC details
000 -LEADER
fixed length control field 00647nam a22001697a 4500
008 - FIXED-LENGTH DATA ELEMENTS--GENERAL INFORMATION
fixed length control field 160927b xxu||||| |||| 00| 0 eng d
020 ## - INTERNATIONAL STANDARD BOOK NUMBER
International Standard Book Number 9715424813
082 ## - DEWEY DECIMAL CLASSIFICATION NUMBER
Edition number 2005
Classification number DFil 899.211
Item number Sa96
100 ## - MAIN ENTRY--PERSONAL NAME
9 (RLIN) 15358
Personal name Zafra, Galileo S. and Baquiran, Romulo P.,Jr.
Relator term Editor
245 ## - TITLE STATEMENT
Title Sawikaan 2004:
Remainder of title mga salita ng taon/
Statement of responsibility, etc. Galileo S. Zafra and Romulo P. Baquiran, Jr., Editor
260 ## - PUBLICATION, DISTRIBUTION, ETC. (IMPRINT)
Place of publication, distribution, etc. Quezon City:
Name of publisher, distributor, etc. UP Press,
Date of publication, distribution, etc. c2005.
300 ## - PHYSICAL DESCRIPTION
Extent vii, 100 pages:
Other physical details illustrations;
Dimensions 21 cm.
650 #0 - SUBJECT ADDED ENTRY--TOPICAL TERM
9 (RLIN) 15355
Topical term or geographic name as entry element Filipino language
General subdivision Slang
650 #0 - SUBJECT ADDED ENTRY--TOPICAL TERM
9 (RLIN) 15356
Topical term or geographic name as entry element Filipino language
General subdivision New words
650 #0 - SUBJECT ADDED ENTRY--TOPICAL TERM
9 (RLIN) 15357
Topical term or geographic name as entry element Filipino language
General subdivision Terms and phrases
942 ## - ADDED ENTRY ELEMENTS (KOHA)
Source of classification or shelving scheme Dewey Decimal Classification
Koha item type Filipiniana
Holdings
Withdrawn status Lost status Source of classification or shelving scheme Damaged status Not for loan Collection code Home library Current library Date acquired Source of acquisition Total Checkouts Full call number Barcode Date last seen Price effective from Koha item type
    Dewey Decimal Classification     Filipiniana UM Digos College - LIC UM Digos College - LIC 05/24/2006 Purchased   DFil 899.211 Sa96 2005 18579 06/08/2021 09/27/2016 Filipiniana